METHODS OF REAL ANALYSIS (Record no. 9313)

MARC details
000 -LEADER
fixed length control field 00516nam a22001577a 4500
003 - CONTROL NUMBER IDENTIFIER
control field SGT
020 ## - INTERNATIONAL STANDARD BOOK NUMBER
International Standard Book Number 9788120417571
082 ## - DEWEY DECIMAL CLASSIFICATION NUMBER
Classification number 517.82,GOL
100 ## - MAIN ENTRY--PERSONAL NAME
Personal name GOLDBERG, RICHARD R.
245 ## - TITLE STATEMENT
Title METHODS OF REAL ANALYSIS
260 ## - PUBLICATION, DISTRIBUTION, ETC. (IMPRINT)
Place of publication, distribution, etc NEW DELHI
Name of publisher, distributor, etc OXFORD & IBH PUBLISHING CO. PVT. LTD.
Year of Publication 1970
300 ## - PAGE DESCRIPTION
No. of Pages 359
650 ## - SUBJECT ADDED ENTRY--TOPICAL TERM
Topical term or geographic name as entry element METHODS OF REAL ANALYSIS
653 ## - KEYWORDS--INDEX TERM
Keyword term SETS AND FUNCTIONS, SEQUENCES OF REAL NUMBERS,SERIES OF REAL NUMBERS , LIMITS AND METRIC SPACES,CONTINUES FUNCTIONS ON METRIC SPACES
942 ## - ADDED ENTRY ELEMENTS (KOHA)
Source of classification or shelving scheme Dewey Decimal Classification
Koha item type FPS Books
Holdings
Withdrawn status Lost status Source of classification or shelving scheme Damaged status Not for loan Collection code Home library Current library Shelving location Date acquired Vendor Name Cost, normal purchase price SGTU Bill Number Total Checkouts Full call number Accession No. (Barcode) Date last seen Bill Date Koha item type
    Dewey Decimal Classification     SCIENCE SGT Science & Social Sciences Library SGT Science & Social Sciences Library Text Book 29/06/2016 AHUJA BOOK 340.00 SGTU 6687   517.82,GOL PS1509 29/06/2016 04/03/2016 FPS Books